000 00688cam a2200193 i 4500
005 20260119113739.0
008 250721s2004 ua gr 000 0 ara d
020 _a9775919991
082 1 4 _a331.137
_bز و ا
100 1 _aالزواوي، خالد
_eمؤلف.
245 1 2 _aالبطالة في الوطن العربي : المشكلة والحل /
_cدكتور خالد محمد الزواوي.
250 _aالطبعة الاولى.
264 3 1 _aالقاهرة :
_bمجموعة النيل العربية،
_c2004.
300 _a196 صفحة.
650 1 7 _aالبطالة.
650 1 7 _aالبلدان العربية.
942 _2ddc
_cBK
999 _c97987
_d97987